Advanced inorganic chemistry / (Record no. 9824)
[ view plain ]
| 000 -LEADER | |
|---|---|
| fixed length control field | 00536cam a2200217ua 4500 |
| 041 ## - LANGUAGE CODE | |
| Language code of text/sound track or separate title | eng |
| 082 ## - DEWEY DECIMAL CLASSIFICATION NUMBER | |
| Classification number | 546 |
| Item number | SAT/AD |
| 100 ## - MAIN ENTRY--AUTHOR NAME | |
| Personal name | Satya Prakash, . |
| 245 ## - TITLE STATEMENT | |
| Title | Advanced inorganic chemistry / |
| 250 ## - EDITION STATEMENT | |
| Edition statement | 12 / |
| 260 ## - PUBLICATION, DISTRIBUTION, ETC. (IMPRINT) | |
| Place of publication | New Delhi : |
| Name of publisher | Shyam lal charitable trust , |
| Year of publication | 1968. |
| 300 ## - PHYSICAL DESCRIPTION | |
| Number of Pages | 832 ; . |
| 700 1# - ADDED ENTRY--PERSONAL NAME | |
| Personal name | Basu, S K . |
| 700 1# - ADDED ENTRY--PERSONAL NAME | |
| Personal name | Tuli, G D . |
| 942 ## - ADDED ENTRY ELEMENTS (KOHA) | |
| Koha item type | Books |
| Withdrawn status | Lost status | Damaged status | Home library | Current library | Date acquired | Full call number | Accession Number | Koha item type |
|---|---|---|---|---|---|---|---|---|
| KAUAET | KAUAET | 07/04/2012 | 546 SAT/AD | 12145 | Books | |||
| KAUAET | KAUAET | 07/04/2012 | 546 SAT/AD | 12146 | Books |
